000 00292nam a22001337a 4500
008 170201b xxu||||| |||| 00| 0 eng d
020 _a0815715994
041 _aeng
080 _a61
100 _a3
101 _aSHM
245 _aTHE HEALTH AND SAFETY
_cROBERT .W CRANDAL
942 _2udc
_cBK
999 _c4217
_d4217